000 004760000a22001690004500
003 MACL
005 20160101122600.0
008 160101b xxu||||| |||| 00| 0 eng d
040 _aMACL
_cMACL
041 _aEnglish
082 _a342/SHA
100 _aChiL̜iu-Shao
_926227
245 _aReport on the Draft Constitution of the People's Republic of China
260 _bForeign panguages Press
_c1954
_aPeking
650 _aConstitution Law
_926151
942 _cBK
_k342/Chi
_2ddc
999 _c34917
_d34917